| 000 | 00603nam a22001817a 4500 | ||
|---|---|---|---|
| 999 |
_c2872 _d2872 |
||
| 003 | AR-CdUCM | ||
| 008 | 190227b ||||| |||| 00| 0 spa d | ||
| 040 |
_aMUNICIPALIDAD PROVINCIAL DEL CUSCO _cBIBLIOTECA MUNICIPAL DEL CUSCO |
||
| 082 |
_a869.56 / _bA31 |
||
| 100 |
_aAguilar Chávez, Manuel _99927 |
||
| 245 |
_aTres cuentistas Cuzcatlecos y un peruano : _bcarpetas salvadoreñas / _cManuel Aguilar Chávez |
||
| 260 |
_aLima : _bAtlantida, _c1955. |
||
| 300 |
_a21 páginas ; _c20 cm. |
||
| 650 |
_aLiteratura salvadoreña _99563 |
||
| 650 |
_aEl Salvador _99928 |
||
| 942 |
_2ddc _cLIBROS |
||
| 945 | _arac | ||